स्त्री साहित्येतिहास, अस्मिता और आत्मकथा (Record no. 300759)

MARC details
000 -LEADER
fixed length control field 01078nam a2200265Ia 4500
003 - CONTROL NUMBER IDENTIFIER
control field OSt
005 - DATE AND TIME OF LATEST TRANSACTION
control field 20220923211545.0
008 - FIXED-LENGTH DATA ELEMENTS--GENERAL INFORMATION
fixed length control field 220922b |||||||| |||| 00| 0 hin d
020 ## - INTERNATIONAL STANDARD BOOK NUMBER
International Standard Book Number 9789383931491 (hbk)
037 ## - SOURCE OF ACQUISITION
Terms of availability Textual
040 ## - CATALOGING SOURCE
Original cataloging agency ARTS
Transcribing agency ARTS
Language of cataloging hin
041 ## - LANGUAGE CODE
Source of code hin
Language code of text/sound track or separate title hin
100 ## - MAIN ENTRY--PERSONAL NAME
Personal name चतुर्वेदी, जगदीश्वर, ले.
9 (RLIN) 160781
245 #0 - TITLE STATEMENT
Title स्त्री साहित्येतिहास, अस्मिता और आत्मकथा
246 ## - VARYING FORM OF TITLE
Title proper/short title Strī sāhityetihāsa, asmitā aur ātmakathā
260 ## - PUBLICATION, DISTRIBUTION, ETC.
Place of publication, distribution, etc. दिल्ली
Name of publisher, distributor, etc. एकैडमिक पब्लिकेशन
Date of publication, distribution, etc. 2021
300 ## - PHYSICAL DESCRIPTION
Extent 504पृ.
Dimensions cm.
650 ## - SUBJECT ADDED ENTRY--TOPICAL TERM
Topical term or geographic name entry element हिन्दी साहित्य
9 (RLIN) 156264
942 ## - ADDED ENTRY ELEMENTS (KOHA)
Classification part O152:g(Y15), R1
Koha item type Textual
Source of classification or shelving scheme Colon Classification (CC)
Holdings
Withdrawn status Lost status Damaged status Not for loan Home library Current library Date acquired Source of acquisition Cost, normal purchase price Total Checkouts Full call number Barcode Date last seen Date last checked out Cost, replacement price Price effective from Koha item type
        Arts Library Arts Library 2022-09-23 1118, 29/12/2021, Kiran Book Service 1495.00 1 O152:g(Y15) R1 AL1666433 2025-07-03 2025-04-15 1495.00 2022-09-23 Textual
Copyright @ Delhi University Library System